Dinosaurios / (Record no. 22593)

000 -CABECERA
fixed length control field 00807nam a22002297a 4500
003 - IDENTIFICADOR DEL NÚMERO DE CONTROL
control field AR-CdUCM
008 - DATOS DE LONGITUD FIJA--INFORMACIÓN GENERAL
fixed length control field 190409b ||||| |||| 00| 0 spa d
020 ## - NÚMERO INTERNACIONAL ESTÁNDAR DEL LIBRO
ISBN 9789583056659
040 ## - FUENTE DE LA CATALOGACIÓN
Agencia/entidad que catalogó originalmente la obra MUNICIPALIDAD PROVINCIAL DEL CUSCO
Entidad que transcribió la catalogación BIBLIOTECA MUNICIPAL DEL CUSCO
082 ## - NÚMERO DE LA CLASIFICACIÓN DECIMAL DEWEY
No. de Clasificación EP/567.91/G79
Notacion interna G79
100 ## - ENTRADA PRINCIPAL--NOMBRE DE PERSONA
Nombre Personal Greschik, Stefan
245 ## - MENCIÓN DE TÍTULO
Título Dinosaurios /
Mención de responsabilidad Stefan Greschik, ilustraciones Franziska Lorenz, traducción Rodrigo Gil
260 ## - PUBLICACIÓN, DISTRIBUCIÓN, ETC.
Lugar de publicación, distribución, etc. Bogota :
Nombre de la editorial, distribuidor, etc. Panamericana editorial,
Fecha de publicación, distribución, etc. 2017.
300 ## - DESCRIPCIÓN FÍSICA
Nº de Páginas Extensión 56 páginas. :
Otros detalles físicos ilustraciones en color ;
Dimensiones 30 cm.
650 ## - PUNTO DE ACCESO ADICIONAL DE MATERIA--TÉRMINO DE MATERIA
Descriptor Dinosaurios
9 (RLIN) 33093
650 ## - PUNTO DE ACCESO ADICIONAL DE MATERIA--TÉRMINO DE MATERIA
Descriptor Hábitos y conducta
9 (RLIN) 48598
650 ## - PUNTO DE ACCESO ADICIONAL DE MATERIA--TÉRMINO DE MATERIA
Descriptor Paleontología
9 (RLIN) 23320
700 ## - PUNTO DE ACCESO ADICIONAL--NOMBRE DE PERSONA
Nombre Personal Lorenz, Franziska
Término de relación ilustrador
9 (RLIN) 48599
700 ## - PUNTO DE ACCESO ADICIONAL--NOMBRE DE PERSONA
Nombre Personal Gil, Rodrigo
Término de relación traductor
9 (RLIN) 48600
942 ## - ELEMENTOS DE PUNTO DE ACCESO ADICIONAL (KOHA)
Fuente de clasificación
Tipo de item Libros-BMC
945 ## - PROCESAMIENTO DE INFORMACIÓN LOCAL (OCLC)
Catalogador rac
Holdings
Estado de retiro (separado) Fuente de clasificación o esquema de estanterías Estado dañado Ubicación Sala donde se ubica Nombre de la colección Fecha de adquisición o compra Fuente de adquisición Costo, precio normal en soles Signatura topográfica Código de Barras Última vez visto (Koha) Tipo de ítem (Koha)
No     Sala de Infantes Sala de Infantes Book Cart 2022-10-12 Donación 60.00 EP/567.91/G79 SI00004871 2022-10-12 Libros-BMC
No     Sala de Infantes Sala de Infantes Book Cart 2022-10-12 Donación 60.00 EP/567.91/G79/e.2 SI00004872 2022-10-12 Libros-BMC

Powered by Koha